| 000 | 00435nam a2200181Ia 4500 | ||
|---|---|---|---|
| 001 | 26832 | ||
| 008 | 140414s9999 xx 000 0 und d | ||
| 020 | _a0-13-088442-1 | ||
| 040 | _cPK-LaUMT | ||
| 082 |
_a 292.13 _bPOW-C |
||
| 100 | _aBarry B. Powell | ||
| 245 |
_aClassical myth _cBarry B. Powell |
||
| 250 | _a3rd | ||
| 260 |
_aUpper Saddle River,USA: _bPrentice Hall, _c2001 |
||
| 300 | _a683 p. | ||
| 546 | _aEN | ||
| 942 | _cBK | ||
| 999 |
_c26986 _d26986 |
||